000 00516nam a2200169 4500
001 111152
003 ES-MaACL
007 t|
008 061121s1946 xxk r ||||1| eng d
100 1 _aNeame, Humphrey.
_985256
245 1 0 _aA handbook of Ophthalmology /
_cby Humphrey Neame... and F. A. Williamson-Noble.
250 _a5th ed.
260 _aLondon :
_bChurchill,
_c1946.
300 _aX, 333 p., 12 lám. :
_bil. ;
_c24 cm.
700 1 _aWilliamson-Noble, F. A.
_9116974
852 _aES-MaACL
_jE-52
_bR.22475
999 _c111152
_d111152